<?xml version="1.0" encoding="UTF-8"?>
<record
    xmlns:xsi="http://www.w3.org/2001/XMLSchema-instance"
    xsi:schemaLocation="http://www.loc.gov/MARC21/slim http://www.loc.gov/standards/marcxml/schema/MARC21slim.xsd"
    xmlns="http://www.loc.gov/MARC21/slim">

  <leader>01608nam a22002177a 4500</leader>
  <controlfield tag="003">CUTN</controlfield>
  <controlfield tag="005">20250610161013.0</controlfield>
  <controlfield tag="008">250610b        |||||||| |||| 00| 0 eng d</controlfield>
  <datafield tag="020" ind1=" " ind2=" ">
    <subfield code="a">9781774072998</subfield>
  </datafield>
  <datafield tag="041" ind1=" " ind2=" ">
    <subfield code="a">English</subfield>
  </datafield>
  <datafield tag="082" ind1=" " ind2=" ">
    <subfield code="a">364.072</subfield>
    <subfield code="b">MAR</subfield>
  </datafield>
  <datafield tag="100" ind1=" " ind2=" ">
    <subfield code="a">Nikolic Marko </subfield>
  </datafield>
  <datafield tag="245" ind1=" " ind2=" ">
    <subfield code="a">Research methods in Criminal Justice and Criminology /</subfield>
    <subfield code="c">Marko Nikolic</subfield>
  </datafield>
  <datafield tag="260" ind1=" " ind2=" ">
    <subfield code="a">Canada :</subfield>
    <subfield code="b">Society Publishing ,</subfield>
    <subfield code="c">2020.</subfield>
  </datafield>
  <datafield tag="300" ind1=" " ind2=" ">
    <subfield code="a">243p. :</subfield>
    <subfield code="b">ill ;</subfield>
  </datafield>
  <datafield tag="505" ind1=" " ind2=" ">
    <subfield code="a">Chapter 1: Criminal Justice: A Global Perspective
Chapter 2: Introduction to Criminology
Chapter 3: Ethics And Criminal Justice Research
Chapter 4: Perceptual Dimensions Of Crime
Chapter 5: Analyzing The Data And Writing Up Criminology Research
Chapter 6: Measuring Crime
Chapter 7: Prevention Of Crime
Chapter 8: Ethical Issues In Social and Behavioral Science Research
Chapter 9: Evidence Of Crime And Its Analysis
Chapter 10: Evaluation of Crime And Criminology Research</subfield>
  </datafield>
  <datafield tag="520" ind1=" " ind2=" ">
    <subfield code="a"> The book highlights the critical role of ethics in criminal justice research, explores the perceptual dimensions of crime, and delves into how data is analyzed and utilized in criminological studies. It also discusses various methods of measuring crime, the importance of crime prevention, and the ethical issues inherent in social and behavioral science research. A significant part of the book is dedicated to explaining how evidence of crime is analyzed and how the evaluation of crime is used in criminology research. </subfield>
  </datafield>
  <datafield tag="650" ind1=" " ind2=" ">
    <subfield code="a">Criminology&#x2014;Research&#x2014;Methodology</subfield>
  </datafield>
  <datafield tag="650" ind1=" " ind2=" ">
    <subfield code="a">Criminology&#x2014;Statistical methods</subfield>
  </datafield>
  <datafield tag="942" ind1=" " ind2=" ">
    <subfield code="2">ddc</subfield>
    <subfield code="c">BOOKS</subfield>
  </datafield>
  <datafield tag="999" ind1=" " ind2=" ">
    <subfield code="c">44692</subfield>
    <subfield code="d">44692</subfield>
  </datafield>
  <datafield tag="952" ind1=" " ind2=" ">
    <subfield code="0">0</subfield>
    <subfield code="1">0</subfield>
    <subfield code="2">ddc</subfield>
    <subfield code="4">0</subfield>
    <subfield code="7">0</subfield>
    <subfield code="8">NFIC</subfield>
    <subfield code="a">CUTN</subfield>
    <subfield code="b">CUTN</subfield>
    <subfield code="c">300</subfield>
    <subfield code="d">2025-06-10</subfield>
    <subfield code="l">0</subfield>
    <subfield code="o">364.072 MAR</subfield>
    <subfield code="p">51167</subfield>
    <subfield code="r">2025-06-10 16:10:53</subfield>
    <subfield code="w">2025-06-10</subfield>
    <subfield code="y">BOOKS</subfield>
  </datafield>
</record>
